Arctic Ocean Countries Quiz Stats

Quiz Updated May 6, 2016

Challenge
Share
Tweet
Embed
Score 0/6 Timer 01:00
2 Plays Today
% Correct
Russia
97.8%
Canada
97%
Norway
95.1%
Iceland
91%
United States
90.7%
Denmark (Greenland)
85.3%

You're not logged in!

Compare scores with friends on all Sporcle quizzes.
Sign Up with Email
OR
Log In

You Might Also Like...

Show Comments

Extras

Top Quizzes Today


Score Distribution

Your Account Isn't Verified!

In order to create a playlist on Sporcle, you need to verify the email address you used during registration. Go to your Sporcle Settings to finish the process.